000 00375nam a2200133Ia 4500
008 170419s9999 xx 000 0 und d
100 _aMeleis, Afaf I.
245 _aResponse to letter to the editor regarding "undeaning" publication
245 _cAfaf I. Meleis
260 _bElsevier
260 _c2016
300 _aSeptember/November
440 _aNursing Outlook
_v64:5
999 _c329473
_d329473